Real property law

Bibliographic Details
Main Author: Forbes, Hugh
Format: Book
Published: London : The Estate Gazette , 1974
Edition:Rev. ed.
Subjects:

MARC

LEADER 00000cam a2200000 7i4500
001 0000009090
005 20161103.0
040 |a INS 
090 0 0 |a HD1160   |b F67 1974 
100 1 |a Forbes, Hugh   |f Sir 
245 1 0 |a Real property law   |c by Sir Hugh Forbes 
250 |a Rev. ed. 
260 |a London :   |b The Estate Gazette ,   |c 1974 
300 |a 198p ;   |c 24cm. 
650 0 0 |a Land tenure   |x Law 
650 0 0 |a Real property   |x Law and Legislation 
999 |a 0000024181   |b BOOK   |c Open Shelf   |e Default branch